000 00373 a2200157 4500
001 164428
020 _a
040 _cMagnum
100 _aFusari, Jose Cerchi (Org.)
240 1 0 _aO professor de 1º grau: trabalho e formacao
_lpor
245 1 0 _aO professor de 1º grau: trabalho e formacao
362 0 _a1899
440 1 _aLoyola
697 _aENSINO
942 _cBK
999 _c164428
_d164428